| 000 | 00707nam a2200217Ia 4500 | ||
|---|---|---|---|
| 001 | 11547 | ||
| 003 | GE_BSU | ||
| 008 | 181216s||||||||xx |||||||||||||| ||und|| | ||
| 040 | _cGE_BSU | ||
| 080 | _a37(031) | ||
| 245 | _aПедагогическая энциклопедиа. | ||
| 245 | _b2.Ж-М. | ||
| 245 | _cГл.ред:И.А.Каиров; Петров Ф.Н.Афанасенко; Е.И. и др. | ||
| 260 | _aМосква. | ||
| 260 | _bСоветская энциклопедия. | ||
| 260 | _c1965. | ||
| 300 | _a911с;27см. | ||
| 520 | _aЭнциклопедия.словари(Справочники.) | ||
| 653 | _aПедагогическая энциклопедиа. | ||
| 942 | _cBK | ||
| 999 |
_c44742 _d44742 |
||